| 000 | 00544nam a2200181 4500 | ||
|---|---|---|---|
| 001 | 114263 | ||
| 003 | ES-MaACL | ||
| 005 | 20250930063114.0 | ||
| 007 | t| | ||
| 008 | 061121s1965 cu r ||||1| spa d | ||
| 100 | 0 |
_aOrtiz, Fernando, _d1881-1969 _987554 |
|
| 245 | 1 | 3 |
_aLa africanía de la música folkórica de Cuba / _cFernando Ortiz. |
| 250 | _a2ª. ed. rev. | ||
| 260 |
_aLa Habana : _bLa Habana Universitaria, _c1965. |
||
| 300 |
_aXIX, 489 p. ; _c23 cm. |
||
| 852 |
_aES-MaACL _jC-32033 _bR.62103 |
||
| 999 |
_c114263 _d114263 |
||